000 00257nam a22001217a 4500
008 181024b xxu||||| |||| 00| 0 eng d
041 _aeng
080 _23 ED
_a781
100 _a45
101 _aMUZ
245 _aTheMusik Kit
_cManof.T
942 _2udc
_cBK
999 _c50878
_d50878